[Event "TCh-GEO Club 2016"]
[Site "Lagodekhi GEO"]
[Date "2016.09.24"]
[Round "3.3"]
[Board "5"]
[White "Harutyunian, Tigran K."]
[Black "Ghvamberia, Nika"]
[Result "1-0"]
[WhiteTitle "IM"]
[WhiteElo "2480"]
[BlackElo "2297"]
[WhiteTeam "Adchara - Nona"]
[BlackTeam "Samegrelo-Zemo Svaneti - Samegrelo"]
[WhiteFideId "13303635"]
[BlackFideId "13602128"]
[EventDate "2016.09.22"]
[EventType "team-tourn"]

1. c4 Nf6 2. Nc3 e6 3. e4 c5 4. e5 Ng8 5. Nf3 Nc6 6. d4 cxd4 7. Nxd4 Nxe5 8.
Ndb5 a6 9. Nd6+ Bxd6 10. Qxd6 Ng6 11. Be3 Nh6 12. Bd3 Qe7 13. Qb6 Ne5 14. O-O-O
Nxd3+ 15. Rxd3 Nf5 16. Ne4 O-O 17. Bc5 d6 18. Ba3 h5 19. h3 h4 20. c5 Bd7 21.
cxd6 Rfc8+ 22. Kb1 Qd8 23. Bc5 Rc6 24. Qxd8+ Rxd8 25. Rb3 Rcc8 26. Bb6 Bc6 27.
f3 Nxd6 28. Bxd8 Nxe4 29. Ba5 Nf6 30. Bd2 Nd5 31. Bg5 a5 32. Rc1 f6 33. Bxh4 Nf4
34. Rg1 Rd8 35. Bg3 Ne2 36. Bc7 Rd7 37. Re1 a4 38. Rb4 Rd2 39. Ba5 Be8 40. Re4
Rd5 41. R4xe2 Bg6+ 42. Ka1 Rxa5 43. Rxe6 Rb5 44. g4 Rb4 45. h4 Rf4 46. h5 Bf7
47. R6e4 Rxf3 48. Rxa4 Rg3 49. Rd4 Be6 50. a4 Bxg4 51. h6 Kh7 52. hxg7 Kxg7 53.
Rb4 Bc8 54. Rc1 Be6 55. Rxb7+ Kg6 56. Rb6 Re3 57. a5 Re5 58. b4 Re2 59. Rxe6
Rxe6 60. Kb2 f5 61. Ra1 Re4 62. Kc3 f4 63. a6 1-0

[Event "TCh-GEO Club 2016"]
[Site "Lagodekhi GEO"]
[Date "2016.09.24"]
[Round "3.3"]
[Board "6"]
[White "Saduakassova, Dinara"]
[Black "Gaboyan, Susanna"]
[Result "0-1"]
[WhiteTitle "WGM"]
[WhiteElo "2423"]
[BlackElo "2126"]
[WhiteTeam "Adchara - Nona"]
[BlackTeam "Samegrelo-Zemo Svaneti - Samegrelo"]
[WhiteFideId "13700090"]
[BlackFideId "13303627"]
[EventDate "2016.09.22"]
[EventType "team-tourn"]

1. d4 Nf6 2. Nf3 e6 3. e3 b6 4. Bd3 Bb7 5. O-O c5 6. c4 g6 7. Nc3 Bg7 8. d5 exd5
9. cxd5 Nxd5 10. Nxd5 Bxd5 11. Bxg6 hxg6 12. Qxd5 Nc6 13. e4 Qe7 14. e5 Qe6 15.
Rd1 Qxd5 16. Rxd5 d6 17. exd6 Kd7 18. Rb1 Nb4 19. Rd1 Nxa2 20. Bf4 Rhe8 21. Rd2
Nb4 22. h4 Nc6 23. Kf1 a5 24. Rd5 Nb4 25. Rd2 a4 26. g4 Re4 27. Bg3 Rxg4 28. Re1
Nc6 29. Rde2 Bf6 30. Ng5 Rh8 31. Re4 Rxe4 32. Rxe4 Bxg5 33. hxg5 b5 34. Kg2 Rh5
35. Rf4 Nd8 36. Re4 Ne6 37. f4 Rh7 38. Re1 Nd4 39. Rf1 Rh8 40. f5 Nxf5 41. Bf4
Re8 42. Rf2 Re6 0-1

[Event "TCh-GEO Club 2016"]
[Site "Lagodekhi GEO"]
[Date "2016.09.24"]
[Round "3.4"]
[Board "2"]
[White "Khakhutashvili, Alexandre"]
[Black "Gagunashvili, Merab"]
[Result "0-1"]
[BlackTitle "GM"]
[WhiteElo "1796"]
[BlackElo "2586"]
[WhiteTeam "Shida kartli - Gori"]
[BlackTeam "Kakheti"]
[WhiteFideId "13605313"]
[BlackFideId "13601652"]
[EventDate "2016.09.22"]
[EventType "team-tourn"]

1. e4 g6 2. d4 Bg7 3. Nc3 d6 4. g3 Nf6 5. Bg2 O-O 6. Nge2 c6 7. a4 e5 8. O-O a5
9. h3 Na6 10. Be3 Nb4 11. Rc1 Qc7 12. Qd2 Re8 13. Kh1 Be6 14. b3 Rad8 15. f4 Bc8
16. Qe1 exd4 17. Nxd4 Nxe4 18. Nxe4 d5 19. Qf2 dxe4 20. f5 Nd5 21. Bg5 e3 22.
Qf3 0-1

[Event "TCh-GEO Club 2016"]
[Site "Lagodekhi GEO"]
[Date "2016.09.24"]
[Round "3.4"]
[Board "3"]
[White "Javakhishvili, Lela"]
[Black "Licheli, Luka"]
[Result "1-0"]
[WhiteTitle "IM"]
[WhiteElo "2486"]
[BlackElo "2042"]
[WhiteTeam "Kakheti"]
[BlackTeam "Shida kartli - Gori"]
[WhiteFideId "13601458"]
[BlackFideId "13602500"]
[EventDate "2016.09.22"]
[EventType "team-tourn"]

1. c4 e5 2. g3 Nc6 3. Bg2 g6 4. Nc3 Bg7 5. Rb1 Nge7 6. b4 O-O 7. e3 d6 8. b5 Nb8
9. Nge2 Nd7 10. O-O Nc5 11. d4 exd4 12. exd4 Ne6 13. Bb2 a6 14. a4 Re8 15. Qd2
axb5 16. axb5 Nf5 17. Ne4 c6 18. bxc6 bxc6 19. d5 cxd5 20. Bxg7 Nexg7 21. cxd5
Ba6 22. Rfe1 Re5 23. N2c3 Ne8 24. Ra1 Bb7 25. Rab1 Ba6 26. Rb4 Qa5 27. Ra4 Qd8
28. Rb1 Re7 29. Bh3 Rb7 30. Rba1 Rba7 31. Nb5 Re7 32. Nec3 Bb7 33. Rxa8 Bxa8 34.
Bxf5 gxf5 35. Qg5+ Kf8 36. Qxf5 Kg8 37. Qg5+ Ng7 38. Ne4 f5 39. Ra7 1-0

[Event "TCh-GEO Club 2016"]
[Site "Lagodekhi GEO"]
[Date "2016.09.24"]
[Round "3.4"]
[Board "4"]
[White "Kasoshvili, Tsiala"]
[Black "Khotenashvili, Bela"]
[Result "1/2-1/2"]
[WhiteTitle "WIM"]
[BlackTitle "GM"]
[WhiteElo "2106"]
[BlackElo "2463"]
[WhiteTeam "Shida kartli - Gori"]
[BlackTeam "Kakheti"]
[WhiteFideId "13600354"]
[BlackFideId "13602640"]
[EventDate "2016.09.22"]
[EventType "team-tourn"]

1. d4 Nf6 2. Nf3 g6 3. g3 Bg7 4. Bg2 c5 5. c4 Qa5+ 6. Nbd2 cxd4 7. Nxd4 Nc6 8.
Nc2 h5 9. h3 d6 10. e4 Ne5 11. Qe2 Be6 12. Ne3 Rc8 13. O-O Qa6 14. b3 h4 15. f4
Nh5 16. fxe5 Nxg3 17. Qf2 Bxe5 18. Rb1 Qxa2 19. Re1 b6 20. Nd1 Qa5 21. Nf3 Bf6
22. Bb2 Bxb2 23. Rxb2 Qc5 24. Nc3 Nh5 25. Qxc5 Rxc5 26. Ra2 Rc7 27. Nb5 Rb7 28.
Nfd4 Nf4 29. Nxe6 fxe6 30. Nxa7 e5 31. Nb5 Kd7 32. Kh2 Nd3 33. Rf1 Kc6 34. Rf7
Kc5 35. Bf1 Nf4 36. Ra4 Kc6 37. Na3 Kd7 38. c5 bxc5 39. Bc4 Rhb8 40. Rh7 Nh5 41.
Bd5 Nf6 42. Bxb7 Nxh7 43. Bd5 Nf6 44. Bf7 g5 45. Nc4 Rb7 46. Ra6 1/2-1/2

[Event "TCh-GEO Club 2016"]
[Site "Lagodekhi GEO"]
[Date "2016.09.24"]
[Round "3.4"]
[Board "5"]
[White "Beradze, Irakli"]
[Black "Karelidze, Vakhtang"]
[Result "1-0"]
[WhiteElo "2437"]
[BlackElo "1942"]
[WhiteTeam "Kakheti"]
[BlackTeam "Shida kartli - Gori"]
[WhiteFideId "13604597"]
[BlackFideId "13613219"]
[EventDate "2016.09.22"]
[EventType "team-tourn"]

1. Nf3 Nf6 2. c4 e6 3. Nc3 d5 4. d4 Be7 5. Bg5 Nbd7 6. e3 O-O 7. Rc1 h6 8. Bh4
c6 9. Bd3 dxc4 10. Bxc4 Nd5 11. Bg3 N7f6 12. Bd3 Nh5 13. Be5 Bd6 14. O-O Nhf6
15. Bxd6 Qxd6 16. e4 Nxc3 17. bxc3 Nd7 18. e5 Qe7 19. Re1 b6 20. Qe2 Rd8 21. Nd2
f5 22. exf6 Nxf6 23. Qf3 Bb7 24. Bf5 c5 25. Qh3 cxd4 26. Bxe6+ Kh8 27. Nc4 Ne4
28. Ne5 Qf6 29. Nf7+ Kh7 30. Qf5+ g6 31. Qxf6 Nxf6 32. Nxd8 Rxd8 33. cxd4 1-0

[Event "TCh-GEO Club 2016"]
[Site "Lagodekhi GEO"]
[Date "2016.09.24"]
[Round "3.4"]
[Board "6"]
[White "Koridze, Lile"]
[Black "Buksa, Nataliya"]
[Result "0-1"]
[BlackTitle "WGM"]
[WhiteElo "1991"]
[BlackElo "2249"]
[WhiteTeam "Shida kartli - Gori"]
[BlackTeam "Kakheti"]
[WhiteFideId "13612514"]
[BlackFideId "14123622"]
[EventDate "2016.09.22"]
[EventType "team-tourn"]

1. d4 Nf6 2. c4 g6 3. Nc3 d5 4. cxd5 Nxd5 5. Bd2 Bg7 6. e4 Nxc3 7. Bxc3 O-O 8.
Qd2 Nc6 9. O-O-O e5 10. d5 Nd4 11. Kb1 c6 12. dxc6 bxc6 13. Bb4 Re8 14. Bc4 Qb6
15. Qc3 a5 16. Bc5 Qb7 17. Nf3 Bg4 18. Rd3 Ne6 19. Bxe6 Bxe6 20. Ng5 Bg4 21. f3
Bc8 22. Rhd1 Bf6 23. f4 Bg4 24. Nf3 Bg7 25. f5 gxf5 26. Rd7 Qb5 27. h3 Bh5 28.
Qc2 fxe4 29. g4 Bg6 30. Nh4 a4 31. Nf5 e3 32. Bxe3 Rab8 33. h4 Bxf5 34. gxf5 e4
35. f6 Bxf6 36. Bc1 a3 37. b3 Qe5 38. R7d4 c5 39. Qg2+ Kh8 40. Bg5 cxd4 0-1

[Event "TCh-GEO Club 2016"]
[Site "Lagodekhi GEO"]
[Date "2016.09.25"]
[Round "4.1"]
[Board "2"]
[White "Khakhutashvili, Alexandre"]
[Black "Janjghava, Lasha"]
[Result "0-1"]
[BlackTitle "GM"]
[WhiteElo "1796"]
[BlackElo "2469"]
[WhiteTeam "Shida kartli - Gori"]
[BlackTeam "Tbilisi"]
[WhiteFideId "13605313"]
[BlackFideId "13600087"]
[EventDate "2016.09.22"]

1. e4 c5 2. Nf3 e6 3. d4 cxd4 4. Nxd4 a6 5. c4 Nf6 6. Bd3 Nc6 7. Nxc6 dxc6 8.
O-O e5 9. Nc3 Bc5 10. h3 g5 11. Be2 Qe7 12. Bxg5 Rg8 13. Bxf6 Qxf6 14. Bg4 Qg5
15. Qf3 Bxg4 16. Qxg4 Qxg4 17. hxg4 Rxg4 18. Rad1 Ke7 19. Kh2 Bd4 20. Rde1 Rd8
21. Nd1 Ke6 22. Re2 Rdg8 23. g3 h5 24. Rh1 h4 25. Kg2 hxg3 26. f3 R4g6 27. Rh3
Rd8 28. Rd2 Rdg8 29. Re2 Kd6 30. Ne3 Kc5 31. Nf5 Kxc4 32. Ne7 Kd3 33. Re1 Bxb2
34. Nxg8 Rxg8 35. Rxg3 Rxg3+ 36. Kxg3 Bc3 37. Rd1+ Bd2 38. Kf2 c5 39. Rh1 c4 40.
Rh8 Ba5 41. Re8 c3 42. Rxe5 Bb6+ 43. Ke1 c2 0-1

[Event "TCh-GEO Club 2016"]
[Site "Lagodekhi GEO"]
[Date "2016.09.25"]
[Round "4.1"]
[Board "3"]
[White "Sturua, Zurab"]
[Black "Licheli, Luka"]
[Result "1-0"]
[WhiteTitle "GM"]
[WhiteElo "2546"]
[BlackElo "2042"]
[WhiteTeam "Tbilisi"]
[BlackTeam "Shida kartli - Gori"]
[WhiteFideId "13600095"]
[BlackFideId "13602500"]
[EventDate "2016.09.22"]

1. Nf3 Nf6 2. c4 c5 3. Nc3 Nc6 4. d4 cxd4 5. Nxd4 g6 6. g3 d6 7. Bg2 Bd7 8. b3
Bg7 9. Bb2 O-O 10. O-O Nxd4 11. Qxd4 Bc6 12. Qd2 Qa5 13. Rfd1 Rfd8 14. e4 a6 15.
a4 Rac8 16. Rab1 b5 17. cxb5 axb5 18. b4 Qxb4 19. axb5 Be8 20. e5 Nd7 21. Nd5
Qxd2 22. Rxd2 Bf8 23. exd6 e5 24. Ne7+ Kg7 25. Nxc8 Rxc8 26. b6 Nxb6 27. Bxe5+ 1-0

[Event "TCh-GEO Club 2016"]
[Site "Lagodekhi GEO"]
[Date "2016.09.25"]
[Round "4.1"]
[Board "4"]
[White "Kasoshvili, Tsiala"]
[Black "Gvetadze, Sofio"]
[Result "1/2-1/2"]
[WhiteTitle "WIM"]
[BlackTitle "IM"]
[WhiteElo "2106"]
[BlackElo "2276"]
[WhiteTeam "Shida kartli - Gori"]
[BlackTeam "Tbilisi"]
[WhiteFideId "13600354"]
[BlackFideId "13601440"]
[EventDate "2016.09.22"]

1. d4 Nf6 2. Nf3 e6 3. g3 b5 4. Bg2 Bb7 5. O-O c5 6. c3 a6 7. Nbd2 cxd4 8. cxd4
Be7 9. Re1 d5 10. Nb3 Nbd7 11. Bd2 a5 12. Rc1 Ne4 13. Bf4 Bb4 14. Nbd2 O-O 15.
a3 Bd6 16. Bxd6 Nxd6 17. Ne5 a4 18. b3 Nf5 19. e3 Nxe5 20. dxe5 axb3 21. Qxb3
Qa5 22. Nb1 Rfc8 23. Red1 Ne7 24. Bf1 Ba6 25. Qb4 Qxb4 26. axb4 Nc6 27. Na3 Rab8
28. f4 Nxb4 29. Bxb5 Bxb5 30. Nxb5 Nc2 31. Nd6 Nxe3 32. Nxc8 Nxd1 33. Ne7+ Kf8
34. Nxd5 Nb2 35. Ne3 Nd3 36. Rd1 1/2-1/2

[Event "TCh-GEO Club 2016"]
[Site "Lagodekhi GEO"]
[Date "2016.09.25"]
[Round "4.1"]
[Board "5"]
[White "Sibashvili, Giorgi"]
[Black "Karelidze, Vakhtang"]
[Result "1-0"]
[WhiteTitle "IM"]
[WhiteElo "2347"]
[BlackElo "1942"]
[WhiteTeam "Tbilisi"]
[BlackTeam "Shida kartli - Gori"]
[WhiteFideId "13602799"]
[BlackFideId "13613219"]
[EventDate "2016.09.22"]

1. d4 Nf6 2. c4 e6 3. Nc3 Bb4 4. e3 c5 5. Bd3 Nc6 6. Nf3 Bxc3+ 7. bxc3 d6 8. e4
e5 9. d5 Ne7 10. O-O O-O 11. Ne1 Ng6 12. g3 Re8 13. Nc2 h6 14. Ne3 Rb8 15. h4
Qc7 16. a4 a6 17. Qe2 Bd7 18. Bd2 b6 19. Kg2 Rb7 20. Nf5 Reb8 21. Rfb1 Re8 22.
Be3 Ne7 23. g4 Nxf5 24. gxf5 Kh7 25. Kh2 Rg8 26. f4 Qd8 27. fxe5 Nxe4 28. f6 Bf5
29. Qf3 Nxc3 30. Qxf5+ g6 31. Qf4 1-0

[Event "TCh-GEO Club 2016"]
[Site "Lagodekhi GEO"]
[Date "2016.09.25"]
[Round "4.1"]
[Board "6"]
[White "Koridze, Lile"]
[Black "Choladze, Mariami"]
[Result "1-0"]
[BlackTitle "WFM"]
[WhiteElo "1991"]
[BlackElo "2032"]
[WhiteTeam "Shida kartli - Gori"]
[BlackTeam "Tbilisi"]
[WhiteFideId "13612514"]
[BlackFideId "13600931"]
[EventDate "2016.09.22"]

1. d4 Nf6 2. c4 e6 3. g3 d5 4. Bg2 c6 5. Nf3 Bb4+ 6. Bd2 Be7 7. Qc2 b6 8. O-O
O-O 9. Ne5 Nfd7 10. cxd5 cxd5 11. Bf4 Bb7 12. Nxd7 Qxd7 13. Nc3 Nc6 14. Qd2 Bf6
15. Be3 Rac8 16. Rac1 Ba6 17. Rfd1 Na5 18. Bf4 Rc4 19. Be3 Rfc8 20. b4 Nb7 21.
Qb2 Nd6 22. a3 Qc6 23. Na2 Rc2 24. Qb1 Bxe2 25. b5 Nxb5 26. Nb4 Bxd1 27. Nxc6
Nc3 28. Rxc2 Bxc2 29. Qxc2 Rxc6 30. Bf1 Be7 31. Qb3 g6 32. Bb5 Rc7 33. Bf4 Rc8
34. Ba6 Rc6 35. Kg2 Ne4 36. Qb5 Rc2 37. Qe8+ Bf8 38. Bh6 1-0

[Event "TCh-GEO Club 2016"]
[Site "Lagodekhi GEO"]
[Date "2016.09.25"]
[Round "4.2"]
[Board "1"]
[White "Baghdasaryan, Vahe"]
[Black "Mchedlishvili, Mikheil"]
[Result "1/2-1/2"]
[WhiteTitle "IM"]
[BlackTitle "GM"]
[WhiteElo "2492"]
[BlackElo "2609"]
[WhiteTeam "Samegrelo-Zemo Svaneti - Samegrelo"]
[BlackTeam "Kakheti"]
[WhiteFideId "13303139"]
[BlackFideId "13600966"]
[EventDate "2016.09.22"]

1. c4 e5 2. Nc3 Nf6 3. Nf3 Nc6 4. e4 d6 5. d3 g6 6. h3 Bg7 7. g3 O-O 8. Bg2 Nd7
9. O-O Nc5 10. Bg5 f6 11. Be3 Ne6 12. d4 exd4 13. Nxd4 Ncxd4 14. Bxd4 Nxd4 15.
Qxd4 Be6 16. Qd3 Qd7 17. Kh2 c6 18. Rad1 Rad8 19. b3 f5 20. exf5 Bxf5 21. Qd2
Rfe8 22. g4 Be6 23. f4 d5 24. cxd5 Bxc3 25. Qxc3 Bxd5 26. Rf2 Qf7 27. Bxd5 Rxd5
28. Rxd5 cxd5 29. f5 Qe7 30. f6 Qe5+ 31. Qg3 Kf7 32. g5 d4 33. h4 d3 34. Rd2
Qxg3+ 35. Kxg3 Re3+ 36. Kf4 Rh3 37. Kg4 Re3 38. Kf4 Rh3 39. Ke5 b5 40. b4 a6 41.
a3 h6 42. gxh6 Rxh4 43. Rxd3 Rh5+ 44. Kf4 Kxf6 45. Rd6+ Kf7 46. Rd7+ Kf6 47. h7
g5+ 48. Kg3 Kg6 49. Rd6+ Kf5 50. Rxa6 Rxh7 51. Ra5 Rb7 52. a4 Ke6 53. Ra6+ Kd5
54. axb5 Ke5 1/2-1/2

[Event "TCh-GEO Club 2016"]
[Site "Lagodekhi GEO"]
[Date "2016.09.25"]
[Round "4.2"]
[Board "2"]
[White "Gagunashvili, Merab"]
[Black "Quparadze, Giga"]
[Result "1/2-1/2"]
[WhiteTitle "GM"]
[BlackTitle "IM"]
[WhiteElo "2586"]
[BlackElo "2482"]
[WhiteTeam "Kakheti"]
[BlackTeam "Samegrelo-Zemo Svaneti - Samegrelo"]
[WhiteFideId "13601652"]
[BlackFideId "13602250"]
[EventDate "2016.09.22"]

1. e4 c5 2. Nf3 e6 3. d4 cxd4 4. Nxd4 a6 5. Bd3 Nf6 6. O-O Qc7 7. Qe2 d6 8. c4
g6 9. Nc3 Bg7 10. Nf3 O-O 11. Bf4 Nh5 12. Bg5 Bxc3 13. bxc3 Nd7 14. Rad1 e5 15.
Qe3 Nc5 16. Be2 Ne6 17. Bh6 Rd8 18. g3 b5 19. cxb5 axb5 20. Ng5 Nhg7 21. f4 exf4
22. gxf4 Rxa2 23. Bxb5 f6 24. Nxe6 Bxe6 25. f5 gxf5 26. exf5 Bb3 27. Rd4 Kh8 28.
Rg4 Rg8 29. c4 Qa7 30. Qxa7 Rxa7 31. Rf2 Raa8 32. h3 Rac8 33. Kh2 d5 34. cxd5
Bxd5 35. Be3 Rb8 36. Bf1 Rgd8 37. Bh6 Rd7 38. Bg2 Bxg2 39. Kxg2 Rg8 40. Bxg7+ 1/2-1/2

[Event "TCh-GEO Club 2016"]
[Site "Lagodekhi GEO"]
[Date "2016.09.25"]
[Round "4.2"]
[Board "3"]
[White "Morchiashvili, Bachana"]
[Black "Javakhishvili, Lela"]
[Result "1-0"]
[WhiteTitle "IM"]
[BlackTitle "IM"]
[WhiteElo "2371"]
[BlackElo "2486"]
[WhiteTeam "Samegrelo-Zemo Svaneti - Samegrelo"]
[BlackTeam "Kakheti"]
[WhiteFideId "13602535"]
[BlackFideId "13601458"]
[EventDate "2016.09.22"]

1. d4 Nf6 2. c4 e6 3. Nf3 b6 4. g3 Ba6 5. Qc2 Bb7 6. Bg2 Bb4+ 7. Bd2 Bxd2+ 8.
Qxd2 O-O 9. Nc3 Ne4 10. Qc2 Nxc3 11. Ng5 Qxg5 12. Bxb7 Nxe2 13. Qxe2 Nc6 14.
Bxa8 Rxa8 15. Rd1 Qa5+ 16. Kf1 Qxa2 17. d5 exd5 18. cxd5 Nb4 19. d6 c5 20. Kg2
Nc6 21. Rhe1 f6 22. Qf3 Rf8 23. b3 Qa6 24. Qd5+ Kh8 25. Qxc6 1-0

[Event "TCh-GEO Club 2016"]
[Site "Lagodekhi GEO"]
[Date "2016.09.25"]
[Round "4.2"]
[Board "4"]
[White "Khotenashvili, Bela"]
[Black "Lomineishvili, Maia"]
[Result "1-0"]
[WhiteTitle "GM"]
[BlackTitle "IM"]
[WhiteElo "2463"]
[BlackElo "2321"]
[WhiteTeam "Kakheti"]
[BlackTeam "Samegrelo-Zemo Svaneti - Samegrelo"]
[WhiteFideId "13602640"]
[BlackFideId "13600656"]
[EventDate "2016.09.22"]

1. d4 Nf6 2. c4 g6 3. Nf3 Bg7 4. g3 c5 5. d5 b5 6. cxb5 a6 7. bxa6 d6 8. Nc3 O-O
9. a7 Rxa7 10. Bg2 Nbd7 11. O-O Nb6 12. Re1 Ba6 13. e4 Ng4 14. h3 Ne5 15. Nxe5
Bxe5 16. Bh6 Re8 17. Bf4 Bd4 18. e5 Nc4 19. e6 f5 20. Qc2 Qa5 21. Rac1 Rb8 22.
b3 Na3 23. Qd2 Bxc3 24. Qxc3 Qxc3 25. Rxc3 Nb5 26. Rxc5 g5 27. Rxb5 Bxb5 28.
Bxg5 h6 29. Bxh6 Rxa2 30. Bg5 Rb7 31. Re3 Be2 32. Bf3 Ra1+ 33. Kh2 Bd1 34. b4
Kg7 35. Bg2 Ra2 36. Rd3 Bh5 37. Bd2 Be2 38. Rd4 Rc7 39. Be3 Kg6 40. g4 fxg4 41.
hxg4 Rc4 42. Be4+ Kg7 43. Rxc4 Bxc4 44. g5 Kg8 45. Bg6 Bxd5 46. Bf7+ Kg7 47.
Bd4+ 1-0

[Event "TCh-GEO Club 2016"]
[Site "Lagodekhi GEO"]
[Date "2016.09.25"]
[Round "4.2"]
[Board "5"]
[White "Ghvamberia, Nika"]
[Black "Beradze, Irakli"]
[Result "0-1"]
[WhiteElo "2297"]
[BlackElo "2437"]
[WhiteTeam "Samegrelo-Zemo Svaneti - Samegrelo"]
[BlackTeam "Kakheti"]
[WhiteFideId "13602128"]
[BlackFideId "13604597"]
[EventDate "2016.09.22"]

1. e4 c5 2. Nf3 d6 3. d4 cxd4 4. Nxd4 Nf6 5. Nc3 g6 6. Be3 Bg7 7. f3 Nc6 8. Qd2
O-O 9. Bc4 Bd7 10. O-O-O Ne5 11. Bb3 Rc8 12. Kb1 Re8 13. h4 h5 14. Bg5 Nc4 15.
Bxc4 Rxc4 16. Rhe1 Qb8 17. Nb3 Be6 18. Ne2 Rec8 19. c3 b5 20. Rc1 Ra4 21. Nf4
Bc4 22. Rc2 Rxa2 23. Kxa2 Qc7 24. Ra1 Bxb3+ 25. Kb1 Bxc2+ 26. Kxc2 e6 27. Ra6
Ne8 28. Nd3 Qb7 29. Nb4 Rc4 30. Ra1 Qc7 31. Na6 Qc8 32. Be3 b4 33. Qe2 Rxc3+ 34.
bxc3 Qxc3+ 0-1

[Event "TCh-GEO Club 2016"]
[Site "Lagodekhi GEO"]
[Date "2016.09.25"]
[Round "4.2"]
[Board "6"]
[White "Buksa, Nataliya"]
[Black "Gaboyan, Susanna"]
[Result "1-0"]
[WhiteTitle "WGM"]
[WhiteElo "2249"]
[BlackElo "2126"]
[WhiteTeam "Kakheti"]
[BlackTeam "Samegrelo-Zemo Svaneti - Samegrelo"]
[WhiteFideId "14123622"]
[BlackFideId "13303627"]
[EventDate "2016.09.22"]

1. e4 c5 2. Nf3 Nc6 3. d4 cxd4 4. Nxd4 Nf6 5. Nc3 e5 6. Ndb5 d6 7. Bg5 a6 8. Na3
b5 9. Nd5 Be7 10. Bxf6 Bxf6 11. c4 b4 12. Nc2 O-O 13. g3 Bg5 14. h4 Bh6 15. Bh3
Qa5 16. Kf1 Qc5 17. Qd3 Bxh3+ 18. Rxh3 g6 19. Nf6+ Kg7 20. Nd7 Qa7 21. Nxf8 Rxf8
22. Kg2 f5 23. f3 fxe4 24. Qxe4 Qb6 25. h5 g5 26. Rd1 Qc7 27. Rhh1 a5 28. Rd3 a4
29. Rhd1 1-0

[Event "TCh-GEO Club 2016"]
[Site "Lagodekhi GEO"]
[Date "2016.09.25"]
[Round "4.3"]
[Board "1"]
[White "Tutisani, Noe"]
[Black "Jojua, Davit"]
[Result "1/2-1/2"]
[BlackTitle "GM"]
[WhiteElo "2375"]
[BlackElo "2590"]
[WhiteTeam "Imereti - Kutaisi"]
[BlackTeam "Adchara - Nona"]
[WhiteFideId "13602853"]
[BlackFideId "13602543"]
[EventDate "2016.09.22"]

1. e4 c5 2. Nf3 Nc6 3. d4 cxd4 4. Nxd4 g6 5. Nc3 Bg7 6. Be3 Nf6 7. Bc4 O-O 8.
Bb3 d5 9. exd5 Na5 10. O-O Nxb3 11. Nxb3 b6 12. Qd2 Bb7 13. Rad1 Qc8 14. Bh6
Bxh6 15. Qxh6 Rd8 16. Qg5 Rd6 17. Rfe1 Qd7 18. Nd4 a6 19. Nde2 Bxd5 20. Nxd5
Rxd5 21. Rxd5 Qxd5 22. Qxd5 Nxd5 23. Rd1 Nf6 24. f3 Rc8 25. c3 Kf8 26. Nf4 Ke8
27. Nd5 Nd7 28. Kf2 e6 29. Ne3 Ke7 30. Ke2 b5 1/2-1/2

[Event "TCh-GEO Club 2016"]
[Site "Lagodekhi GEO"]
[Date "2016.09.25"]
[Round "4.3"]
[Board "2"]
[White "Maghalashvili, Davit"]
[Black "Khapava, Nikoloz"]
[Result "1-0"]
[WhiteTitle "GM"]
[WhiteElo "2490"]
[BlackElo "1622"]
[WhiteTeam "Adchara - Nona"]
[BlackTeam "Imereti - Kutaisi"]
[WhiteFideId "13602276"]
[BlackFideId "13606956"]
[EventDate "2016.09.22"]

1. Nf3 c5 2. c4 Nc6 3. g3 Nf6 4. Bg2 e6 5. O-O Be7 6. d4 d5 7. cxd5 Nxd5 8. Nc3
cxd4 9. Nxd5 exd5 10. Nxd4 O-O 11. Be3 Bf6 12. Rc1 Ne5 13. b3 Re8 14. Nb5 Re7
15. Qxd5 Rd7 16. Qe4 a6 17. Nc3 Rd6 18. Nd5 Ng4 19. Bb6 Qd7 20. Bc5 Rc6 21. Nb6
Rxb6 22. Bxb6 Ne5 23. Rfd1 Qe6 24. Bd8 Rb8 25. Bc7 Ra8 26. Bxe5 1-0

[Event "TCh-GEO Club 2016"]
[Site "Lagodekhi GEO"]
[Date "2016.09.25"]
[Round "4.3"]
[Board "3"]
[White "Khvadagiani, Nika"]
[Black "Shanava, Konstantine"]
[Result "0-1"]
[BlackTitle "GM"]
[WhiteElo "2029"]
[BlackElo "2545"]
[WhiteTeam "Imereti - Kutaisi"]
[BlackTeam "Adchara - Nona"]
[WhiteFideId "13611453"]
[BlackFideId "13601784"]
[EventDate "2016.09.22"]

1. d4 g6 2. Nf3 Bg7 3. g3 c5 4. Bg2 cxd4 5. Nxd4 Nc6 6. Nb3 Nf6 7. c4 O-O 8. O-O
b6 9. e4 Ba6 10. N3d2 Rc8 11. Nc3 Ne8 12. Qa4 Na5 13. Rd1 Nd6 14. Bf1 Bb7 15.
Re1 Bxc3 16. bxc3 Qc7 17. Ba3 Rfe8 18. Rad1 Bc6 19. Qc2 Ba8 20. Qd3 Ndb7 21. Bh3
Rcd8 22. Bf1 d6 23. h4 Nc5 24. Qe3 e5 25. Bxc5 Qxc5 26. Qxc5 dxc5 27. f3 Bc6 28.
Nb3 Nb7 29. Be2 Nd6 30. Rd2 Kf8 31. Red1 Ke7 32. Kf2 Bb7 33. Rb2 Ba6 34. Nd2
Nxc4 35. Nxc4 Rxd1 36. Bxd1 Bxc4 37. Bb3 Bxb3 38. axb3 a5 39. Ra2 Rd8 40. Ke2
Kd6 41. Rd2+ Kc7 42. Rxd8 Kxd8 43. c4 Kc7 44. Kd2 b5 45. Kc2 h5 46. g4 b4 47.
gxh5 gxh5 48. Kb2 Kb6 0-1

[Event "TCh-GEO Club 2016"]
[Site "Lagodekhi GEO"]
[Date "2016.09.25"]
[Round "4.3"]
[Board "4"]
[White "Melia, Salome"]
[Black "Arabidze, Meri"]
[Result "0-1"]
[WhiteTitle "IM"]
[BlackTitle "IM"]
[WhiteElo "2419"]
[BlackElo "2374"]
[WhiteTeam "Adchara - Nona"]
[BlackTeam "Imereti - Kutaisi"]
[WhiteFideId "13602446"]
[BlackFideId "13604040"]
[EventDate "2016.09.22"]

1. e4 e5 2. Nf3 Nc6 3. Bc4 Bc5 4. c3 Nf6 5. d3 O-O 6. O-O d6 7. a4 a6 8. h3 h6
9. Re1 Ba7 10. Na3 Ne7 11. Nc2 Ng6 12. a5 c6 13. Ba2 d5 14. Be3 c5 15. exd5 Nxd5
16. Qd2 Be6 17. b4 cxb4 18. cxb4 Nxe3 19. Nxe3 Bxa2 20. Rxa2 Re8 21. g3 Qd7 22.
Kg2 Rad8 23. Rd1 f5 24. Rc2 Qf7 25. Qc3 f4 26. Ng4 e4 27. Nfe5 Nxe5 28. Nxe5 f3+
29. Kh2 Qd5 30. Ng6 e3 31. fxe3 Rxe3 32. Nf4 Qf7 33. Qc7 Rd7 34. Qc8+ Re8 35.
Qc4 Qxc4 36. Rxc4 g5 37. Nh5 Re2+ 38. Kh1 Kf7 39. Rcc1 Be3 40. Rb1 Rc7 41. Rf1
Kg6 42. Rxf3 Kxh5 43. Rf6 Rcc2 0-1